| 000 | 00850nam a2200265Ia 4500 | ||
|---|---|---|---|
| 005 | 20251020182449.0 | ||
| 008 | 200515s9999 xx 000 0 und d | ||
| 020 | _a968-880-801-6 | ||
| 082 | _a620.177/M82 | ||
| 100 | _aMott, Robert L. | ||
| 245 | 0 | _aResistencia de materiales aplicada | |
| 250 | _a3a ed. | ||
| 260 | _aMéxico D. F. | ||
| 260 | _bPRENTICE -HALL HISPANOAMERICANA | ||
| 260 | _c1996 | ||
| 300 | _a640 | ||
| 300 | _btbl., graf. | ||
| 500 | _a1 ejemplar | ||
| 520 | _aProporciona una cobertura amplia y profunda de los temas más importantes en resistencia de materiales, con énfasis en aplicaciones , soluciones de problemas y diseño de miembros estructurales, dispositivos mecánicos y sistemas. | ||
| 650 | _aCOLUMNAS | ||
| 650 | _aRESISTENCIA DE MATERIALES | ||
| 650 | _aVIGAS | ||
| 942 | _cLIB | ||
| 999 |
_c812 _d812 |
||